The tropical timber trade regime / (Record no. 1799)

MARC details
000 -LEADER
fixed length control field 01571pam a2200361 a 4500
001 - CONTROL NUMBER
control field 1182969
003 - CONTROL NUMBER IDENTIFIER
control field OSt
005 - DATE AND TIME OF LATEST TRANSACTION
control field 20150520145354.0
008 - FIXED-LENGTH DATA ELEMENTS--GENERAL INFORMATION
fixed length control field 971010s1998 nyua b 001 0 eng
010 ## - LIBRARY OF CONGRESS CONTROL NUMBER
LC control number 97044365
020 ## - INTERNATIONAL STANDARD BOOK NUMBER
International Standard Book Number 0333697693
040 ## - CATALOGING SOURCE
Original cataloging agency DLC
Transcribing agency DLC
Modifying agency DLC
043 ## - GEOGRAPHIC AREA CODE
Geographic area code w------
050 00 - LIBRARY OF CONGRESS CALL NUMBER
Classification number SD418.3.T76
Item number G35 1998
082 00 - DEWEY DECIMAL CLASSIFICATION NUMBER
Classification number 333.75
Edition number 21
Item number GAL 1998
100 1# - MAIN ENTRY--PERSONAL NAME
Personal name Gale, Fred P.
9 (RLIN) 4726
245 14 - TITLE STATEMENT
Title The tropical timber trade regime /
Statement of responsibility, etc. Fred P. Gale.
260 ## - PUBLICATION, DISTRIBUTION, ETC. (IMPRINT)
Place of publication, distribution, etc. New York :
Name of publisher, distributor, etc. St. Martin's Press,
Date of publication, distribution, etc. 1998.
300 ## - PHYSICAL DESCRIPTION
Extent xvi, 287 p. :
Other physical details ill. ;
Dimensions 23 cm.
440 #0 - SERIES STATEMENT/ADDED ENTRY--TITLE
Title International political economy series
9 (RLIN) 970
504 ## - BIBLIOGRAPHY, ETC. NOTE
Bibliography, etc Includes bibliographical references (p. 258-282) and index.
650 #0 - SUBJECT ADDED ENTRY--TOPICAL TERM
Topical term or geographic name as entry element Deforestation
Geographic subdivision Tropics.
9 (RLIN) 4727
650 #0 - SUBJECT ADDED ENTRY--TOPICAL TERM
Topical term or geographic name as entry element Rain forests
General subdivision Management.
9 (RLIN) 4728
650 #0 - SUBJECT ADDED ENTRY--TOPICAL TERM
Topical term or geographic name as entry element Forest management
Geographic subdivision Tropics.
9 (RLIN) 4729
650 #0 - SUBJECT ADDED ENTRY--TOPICAL TERM
Topical term or geographic name as entry element Forests and forestry
General subdivision International cooperation.
9 (RLIN) 4730
650 #0 - SUBJECT ADDED ENTRY--TOPICAL TERM
Topical term or geographic name as entry element Logging
General subdivision Law and legislation.
9 (RLIN) 4731
856 42 - ELECTRONIC LOCATION AND ACCESS
Materials specified Contributor biographical information
Uniform Resource Identifier http://www.loc.gov/catdir/bios/hol057/97044365.html
856 42 - ELECTRONIC LOCATION AND ACCESS
Materials specified Publisher description
Uniform Resource Identifier http://www.loc.gov/catdir/description/hol055/97044365.html
856 41 - ELECTRONIC LOCATION AND ACCESS
Materials specified Table of contents
Uniform Resource Identifier http://www.loc.gov/catdir/toc/hol052/97044365.html
906 ## - LOCAL DATA ELEMENT F, LDF (RLIN)
a 7
b cbc
c orignew
d 1
e ocip
f 19
g y-gencatlg
942 ## - ADDED ENTRY ELEMENTS (KOHA)
Source of classification or shelving scheme Dewey Decimal Classification
Koha item type Short Loan
Holdings
Withdrawn status Lost status Source of classification or shelving scheme Damaged status Not for loan Home library Current library Date acquired Inventory number Total Checkouts Full call number Barcode Date last seen Price effective from Koha item type
    Dewey Decimal Classification     MUST Main Library MUST Main Library 20/05/2015 2003/18900   333.75 GAL 1998 2015-1476 20/05/2015 20/05/2015 Short Loan
    Dewey Decimal Classification     MUST Main Library MUST Main Library 20/05/2015 2003/18901   333.75 GAL 1998 2015-1477 20/05/2015 20/05/2015 Short Loan